| 000 | 00604nam a2200229Ia 4500 | ||
|---|---|---|---|
| 003 | OSt | ||
| 005 | 20220928113323.0 | ||
| 006 | a|||||r|||| 00| 0 | ||
| 007 | ta | ||
| 008 | 220927b |||||||| |||| 00| 0 eng d | ||
| 024 | _a74197 | ||
| 037 | _cTextual | ||
| 040 |
_aSDCL _cSDCL _beng |
||
| 041 |
_2eng _aeng |
||
| 082 | _aVv5'L, L9 | ||
| 100 |
_aAnderson MS _9432438 |
||
| 245 | 0 | _aHistorians and eighteenth century Europe, 1715-89 | |
| 260 |
_aOxford _bClarendon Pr. _c1979 |
||
| 300 |
_avi,251p _ccm. |
||
| 942 |
_hVv5'L, L9 _cTEXL _2CC |
||
| 999 |
_c748990 _d748990 |
||